[Event "SERTANEJO "]
[Site "http://www.queenalice.com/game.php?id=491475"]
[Date "2008.11.11"]
[Round "-"]
[White "perucona"]
[Black "cgmuller"]
[Result "0-1"]
[WhiteElo "1624"]
[BlackElo "1730"]

1. e4 c5 2. d4 d5 3. exd5 Qxd5 4. dxc5 Qxc5 5. Be3 Qa5+ 6. Bd2 Qe5+ 7. Qe2 Qxb2
8. Bc3 Qc1+ 9. Qd1 Qxd1+ 10. Kxd1 Bg4+ 11. f3 Bf5 12. Bd3 Bxd3 13. cxd3 Nf6 14.
Bxf6 exf6 15. Nc3 Nc6 16. Kc2 Nb4+ 17. Kb3 Nxd3 18. Rd1 Rd8 19. Re1+ Nxe1 20.
Nh3 Nxg2 21. Rg1 Rd2 22. Rd1 Rxd1 23. Nxd1 Bd6 24. Nc3 Bxh2 25. f4 Bxf4 26. Nxf4
Nxf4 27. Nd1 h5 28. Nf2 h4 29. a3 h3 30. Nxh3 Nxh3 31. Kc3 Rh4 32. Kd3 Ra4 33.
Ke3 Rxa3+ 34. Ke2 b5 35. Kd2 b4 36. Kc1 f5 0-1

[Event "Challenge"]
[Site "http://www.queenalice.com/game.php?id=492892"]
[Date "2008.11.13"]
[Round "-"]
[White "cgmuller"]
[Black "leonard99"]
[Result "1-0"]
[WhiteElo "1646"]
[BlackElo "1664"]

1. d4 d5 2. Nc3 Nf6 3. e3 Nc6 4. Nf3 Bf5 5. Bd3 Qd7 6. O-O Nb4 7. Bb5 c6 8. Ne5
Qe6 9. Bd3 Ng4 10. Bxf5 Qxf5 11. Nxg4 Nxc2 12. Rb1 Nb4 13. Bd2 f6 14. Qa4 e6 15.
h3 h5 16. Ne2 hxg4 17. Bxb4 gxh3 18. Ng3 Qg4 19. Qd1 Qh4 20. Bxf8 hxg2 21. Kxg2
Rxf8 22. Qh5+ Qxh5 23. Nxh5 Rg8 24. Rbc1 O-O-O 25. Nf4 Rde8 26. Rc3 e5 27. Nxd5
Kb8 28. Nb4 Rh8 29. Rh1 Rh6 30. Rxh6 gxh6 31. dxe5 Rxe5 32. Nd3 Rg5+ 33. Kh3
Rh5+ 34. Kg4 Rg5+ 35. Kh4 Kc7 36. Rc5 b6 37. Rxg5 hxg5+ 38. Kg4 Kd6 39. Kf5 Ke7
40. Nb4 c5 41. Nd5+ Kd6 42. Nxf6 a5 43. Kxg5 c4 44. Kf5 b5 45. Ke4 Kc5 46. Nd5
b4 47. Nxb4 axb4 48. f4 c3 49. bxc3 bxc3 50. Kd3 1-0

[Event "Challenge"]
[Site "http://www.queenalice.com/game.php?id=497571"]
[Date "2008.11.24"]
[Round "-"]
[White "Bessi"]
[Black "cgmuller"]
[Result "1-0"]
[WhiteElo "1677"]
[BlackElo "1778"]

1. d4 Nf6 2. c4 d5 3. Nc3 e6 4. cxd5 exd5 5. Bg5 Bb4 6. Nf3 h6 7. Bh4 g5 8. Bg3
Ne4 9. a3 Nxc3 10. Qb3 Qe7 11. axb4 Ne4 12. Be5 f6 13. Qxd5 Qxb4+ 14. Kd1 Nd7
15. Qxe4 fxe5 16. Nxe5 Qe7 17. e3 Nxe5 18. dxe5 Qd7+ 19. Bd3 Qc6 20. Ke2 Qxe4
21. Bxe4 Bg4+ 22. f3 Bc8 23. Bg6+ Ke7 24. f4 gxf4 25. exf4 Rg8 26. Be4 Bg4+ 27.
Ke3 c6 28. h3 Be6 29. f5 Bd5 30. g4 Bxe4 31. Kxe4 a6 32. Rhd1 Rad8 33. f6+ Ke6
34. Rxd8 Rxd8 35. Rf1 Kf7 36. h4 Rd5 37. g5 hxg5 38. hxg5 Rd8 39. Kf5 Re8 40.
Rh1 b5 41. g6+ Kg8 42. f7+ 1-0

[Event "Challenge"]
[Site "http://www.queenalice.com/game.php?id=502861"]
[Date "2008.12.4"]
[Round "-"]
[White "Wilson"]
[Black "cgmuller"]
[Result "1-0"]
[WhiteElo "1556"]
[BlackElo "1809"]

1. Nf3 d5 2. d4 e6 3. e3 Nf6 4. Nc3 Bb4 5. a3 Bxc3+ 6. bxc3 Qd6 7. a4 Qc6 8. Bb2
Ne4 9. Bb5 Qxb5 10. axb5 Nd6 11. O-O Nxb5 12. Ne5 f6 13. Qh5+ Ke7 14. Qf7+ Kd6
15. Ra5 Nc6 16. Rxb5 a6 17. Ba3+ 1-0

[Event "Challenge"]
[Site "http://www.queenalice.com/game.php?id=509242"]
[Date "2008.12.17"]
[Round "-"]
[White "cgmuller"]
[Black "chouia"]
[Result "0-1"]
[WhiteElo "1707"]
[BlackElo "1664"]

1. e4 c5 2. d4 cxd4 3. Qxd4 Nc6 4. Qc4 d6 5. Qc3 Bd7 6. Nf3 Nf6 7. Ng5 Rc8 8.
Qb3 Be6 9. Nxe6 fxe6 10. Qxe6 Ne5 11. Nc3 Qd7 12. Qxd7+ Nexd7 13. Bb5 a6 14.
Bxd7+ Nxd7 15. O-O g6 16. Bd2 Bg7 17. Rae1 O-O 18. Nd5 Rxc2 19. Bg5 e6 20. Nc7
Rxc7 21. Rc1 Rxc1 22. Rxc1 Nc5 23. Be7 Rf7 24. Bxd6 Nxe4 25. Rc8+ Bf8 26. Bxf8
Rxf8 27. Rc2 Rd8 28. g3 b5 29. Re2 Ng5 30. Kg2 Re8 31. Re5 h6 32. Rc5 Ne4 33.
Rc6 Kf7 34. Rxa6 Rd8 35. Kf3 Nd2+ 0-1

[Event "Challenge"]
[Site "http://www.queenalice.com/game.php?id=550413"]
[Date "2009.3.4"]
[Round "-"]
[White "cgmuller"]
[Black "newblockader"]
[Result "0-1"]
[WhiteElo "1747"]
[BlackElo "1764"]

1. e4 c5 2. d4 b6 3. Nc3 Nc6 4. d5 Nd4 5. Be3 d6 6. Bb5+ Bd7 7. Bxd7+ Qxd7 8.
Bxd4 cxd4 9. Qxd4 Qg4 10. g3 Nf6 11. f3 Qd7 12. O-O-O g6 13. b3 Bg7 14. g4 O-O
15. Qb4 Rac8 16. Qb5 Rxc3 17. Qxd7 Nxd7 18. Rf1 Rfc8 19. Ne2 Rxc2+ 20. Kd1 Rxa2
21. Ke1 Rcc2 22. Kf2 Rxe2+ 23. Kg3 Be5+ 24. Kh3 Rxh2+ 25. Rxh2 Rxh2# 0-1

[Event "Challenge"]
[Site "http://www.queenalice.com/game.php?id=561588"]
[Date "2009.3.25"]
[Round "-"]
[White "cgmuller"]
[Black "carloswecker"]
[Result "0-1"]
[WhiteElo "1699"]
[BlackElo "1888"]

1. e4 c5 2. Bc4 e6 3. d4 cxd4 4. Qxd4 Nc6 5. Qe3 Nf6 6. Nf3 d5 7. exd5 Nxd5 8.
Qg5 Qxg5 9. Nxg5 Nb6 10. Bd3 g6 11. Bb5 Bd7 12. O-O Bg7 13. Rd1 O-O 14. Be3 Nd5
15. c3 Nxe3 16. Rxd7 Nc2 17. Rxb7 Ne5 18. Nd2 Nxa1 19. Ba4 Rab8 20. Rxb8 Rxb8
0-1

[Event "Challenge"]
[Site "http://www.queenalice.com/game.php?id=561589"]
[Date "2009.3.25"]
[Round "-"]
[White "cgmuller"]
[Black "Meckerkopp"]
[Result "0-1"]
[WhiteElo "1712"]
[BlackElo "1964"]

1. e4 d5 2. Nc3 d4 3. Nb5 a6 4. Na3 e5 5. b3 Nf6 6. d3 Bb4+ 7. Ke2 b5 8. Nb1 O-O
9. Bd2 a5 10. Bxb4 axb4 11. Qd2 Nc6 12. a3 bxa3 13. Rxa3 Rxa3 14. Nxa3 b4 15.
Nc4 Ba6 16. Nb2 Nxe4 17. Qe1 Nc3+ 18. Kf3 Qf6+ 19. Kg3 Qf4+ 20. Kh3 Bc8+ 0-1

[Event "AUTO-ADV-1310"]
[Site "http://www.queenalice.com/game.php?id=580170"]
[Date "2009.4.30"]
[Round "1"]
[White "cgmuller"]
[Black "catalan"]
[Result "1-0"]
[WhiteElo "1674"]
[BlackElo "1701"]

1. e4 e5 2. d4 exd4 3. Qxd4 Nc6 4. Qd3 Bc5 5. Be3 Bxe3 6. Qxe3 Nf6 7. Bd3 d6 8.
Bb5 Bd7 9. Bxc6 Bxc6 10. Nc3 O-O 11. Nf3 Re8 12. Nd2 d5 13. f3 dxe4 14. fxe4 Nd7
15. O-O-O a5 16. Rhf1 b5 17. Qf4 f6 18. Qf5 b4 19. Ne2 Re5 20. Qg4 a4 21. Nd4
Bb7 22. Ne6 Qc8 23. Qxg7# 1-0

[Event "AUTO-ADV-1310"]
[Site "http://www.queenalice.com/game.php?id=580171"]
[Date "2009.4.30"]
[Round "1"]
[White "catalan"]
[Black "cgmuller"]
[Result "1-0"]
[WhiteElo "1691"]
[BlackElo "1698"]

1. e4 d5 2. Nc3 Nf6 3. Bb5+ c6 4. e5 Ng4 5. Ba4 Nxe5 6. d4 Nc4 7. Bb3 Be6 8. Nf3
Bg4 9. h3 Bxf3 10. Qxf3 f6 11. O-O e6 12. Bxc4 dxc4 13. Rd1 Bd6 14. Ne4 O-O 15.
Nxd6 Qxd6 16. Bf4 Qd7 17. Qg3 Kh8 18. Re1 g6 19. Bh6 Re8 20. Rad1 Na6 21. h4 Qc7
22. Qf3 Qd8 23. c3 f5 24. Qf4 Qc7 25. Re5 Nb8 26. Rxe6 Qf7 27. Qe5+ Kg8 28.
Rxe8+ 1-0

[Event "AUTO-ADV-1310"]
[Site "http://www.queenalice.com/game.php?id=580172"]
[Date "2009.4.30"]
[Round "1"]
[White "cgmuller"]
[Black "Tchecmaurice"]
[Result "0-1"]
[WhiteElo "1683"]
[BlackElo "1850"]

1. e4 c5 2. d4 cxd4 3. Qxd4 Nc6 4. Qc3 e5 5. Bc4 Bb4 6. Qxb4 Nxb4 7. Bb3 Qa5 8.
c3 Nd3+ 9. Ke2 Nxc1+ 10. Kd1 Nxb3 0-1

[Event "AUTO-ADV-1310"]
[Site "http://www.queenalice.com/game.php?id=580173"]
[Date "2009.4.30"]
[Round "1"]
[White "Tchecmaurice"]
[Black "cgmuller"]
[Result "1-0"]
[WhiteElo "1875"]
[BlackElo "1687"]

1. d4 d5 2. Nf3 Bf5 3. e3 Nc6 4. c4 Nb4 5. Qa4+ Nc6 6. cxd5 Qxd5 7. Nc3 Qa5 8.
Qb3 Qb4 9. Qd5 Qa5 10. Bc4 Qxd5 11. Nxd5 O-O-O 12. Ng5 Nh6 13. O-O f6 14. Nf3
Na5 15. b3 e6 16. Nc3 Nxc4 17. bxc4 Bd3 18. Re1 Bb4 19. Bb2 Bxc4 20. Rec1 Bxc3
21. Rxc3 Bd5 22. Nd2 Rd6 23. e4 Bc6 24. Rb3 Nf7 25. Rb4 Ng5 26. f3 b6 27. a4 Re8
28. Ba3 Kb7 29. Rc4 Rd7 30. Rac1 b5 31. Rxc6 bxa4 32. R6c4 Nf7 33. Rxa4 Ra8 34.
Bc5 Nd6 35. Rb1+ Kc8 36. Rxa7 Rxa7 37. Bxa7 Nb7 38. Nb3 c6 39. Bb6 Rd6 40. Nc5
Nxc5 41. Bxc5 Rd7 42. Ra1 Rb7 43. Ra8+ Rb8 44. Ra6 Kc7 45. Ra7+ Rb7 46. Bd6+
Kxd6 47. Rxb7 g5 48. Rxh7 e5 49. dxe5+ Kxe5 50. Kf2 f5 51. exf5 Kxf5 52. Rc7 1-0

[Event "AUTO-ADV-1310"]
[Site "http://www.queenalice.com/game.php?id=580174"]
[Date "2009.4.30"]
[Round "1"]
[White "cgmuller"]
[Black "Nille"]
[Result "0-1"]
[WhiteElo "1705"]
[BlackElo "1814"]

1. e4 e5 2. d4 exd4 3. Qxd4 Nc6 4. Qc3 Bb4 5. Qxb4 Nxb4 6. Na3 d5 7. c3 Nc6 8.
Nf3 dxe4 9. Nd2 Nf6 10. f3 exf3 11. Nxf3 O-O 12. Bc4 Be6 13. Bd3 Qxd3 14. Bd2
Ne4 15. Rd1 Nxd2 16. Rxd2 Qe3+ 17. Re2 Qc1+ 18. Kf2 Qf4 19. Nc2 Bg4 20. Ne3 Bxf3
21. gxf3 Ne5 22. Rg1 Qxh2+ 23. Rg2 Nd3+ 24. Kf1 Qh1+ 25. Rg1 Qxf3+ 0-1

[Event "AUTO-ADV-1310"]
[Site "http://www.queenalice.com/game.php?id=580175"]
[Date "2009.4.30"]
[Round "1"]
[White "Nille"]
[Black "cgmuller"]
[Result "0-1"]
[WhiteElo "1842"]
[BlackElo "1667"]

1. e4 d5 2. e5 Nc6 3. d4 f6 4. exf6 Nxf6 5. Nf3 Bf5 6. Nc3 e6 7. a3 Ne4 8. Bd2
Bg4 9. Be2 Bxf3 10. Bxf3 Qh4 11. Nxe4 dxe4 12. Bg4 Ke7 13. Be3 h5 14. Bh3 Kf7
15. c4 Bd6 16. d5 Nd8 17. dxe6+ Nxe6 18. Bxe6+ Kxe6 19. Qd5+ Kd7 20. Qxb7 a6 21.
O-O Qxh2# 0-1

[Event "Challenge"]
[Site "http://www.queenalice.com/game.php?id=600411"]
[Date "2009.6.8"]
[Round "-"]
[White "garca"]
[Black "cgmuller"]
[Result "1-0"]
[WhiteElo "1841"]
[BlackElo "1677"]

1. e4 d5 2. exd5 Qxd5 3. Nc3 Qe5+ 4. Qe2 Qxe2+ 5. Bxe2 Bf5 6. d3 e5 7. Bd2 Bc5
8. a3 Nc6 9. Nf3 Bg4 10. O-O Nf6 11. h3 Bxf3 12. Bxf3 Nd8 13. Ne4 Nxe4 14. Bxe4
O-O 15. Bc3 f6 16. b4 Bd4 17. Bxd4 exd4 18. Rfe1 Re8 19. Bxh7+ Kf8 20. Rxe8+
Kxe8 21. Re1+ Kd7 22. Bf5+ Kd6 23. Re8 c6 24. Rg8 g5 25. g4 a6 26. Rg6 Ke5 27.
Rg8 Kd6 28. Be4 Rc8 29. Kg2 Kc7 30. Rf8 Ne6 31. Rxc8+ Kxc8 32. Bf5 Kd7 33. Kf3
b6 34. Ke4 c5 35. Kd5 cxb4 36. axb4 1-0